000 00747nam a2200205Ia 4500
003 IN-BaIIA
008 211028s9999 xx 000 0 eng d
020 _a978-1-107-00229-6
040 _cIIA Library
080 _a52(092)
_bBEC
100 _aBecker, Barbara J.
_934353
245 0 _aUnravelling starlight: William and Margaret Huggins and the rise of the new astronomy
_cBarbara J. Becker
260 _aCambridge
_bCambridge University Press
_c2011
300 _axix, 380p.
650 _aAstronomers-Great Britain-Biography
_931773
650 _aAstrophysics-History-19th century
_934354
650 _aHuggins, Lady, D.1915
_934355
650 _aHuggins, William, Sir, 1824-1910
_934356
942 _cBK
999 _c18035
_d18035